[Event "7th Tan Chin Nam Cup"]
[Site "Shanghai CHN"]
[Date "2001.07.09"]
[Round "1"]
[White "Zhang Zhong"]
[Black "Xu Jun"]
[Result "1/2-1/2"]
[WhiteElo "2632"]
[BlackElo "2655"]

1.e4 c5 2.Nf3 d6 3.Bb5+ Nc6 4.O-O Bd7 5.c3 Nf6 6.Re1 a6 7.Ba4 b5 8.Bc2 e5
9.h3 g6 10.d4 Bg7 11.Be3 cxd4 12.cxd4 exd4 13.Nxd4 O-O 14.Nc3 b4 15.Nxc6 Bxc6
16.Nd5 Nxd5 17.exd5 Bb5 18.Rb1 Re8 19.Qd2 Rc8 20.Rec1 Qh4 21.Bd1 h5 22.Bf3 Rc4
23.a3 bxa3 24.bxa3 Rec8 25.Rxc4 Qxc4 26.Rc1 Qxc1+ 27.Qxc1 Rxc1+ 28.Bxc1 Bd4
29.g4 hxg4 30.hxg4 Kf8 31.Be4 Ke7 32.Kg2 Bc5 33.g5 Kd8 34.f4 Bc4 35.Kg3 Kc7
36.Kg4 Be2+ 37.Kg3 Kb6 38.f5 gxf5 39.Bxf5 Kb5 40.Kf4 Kc4 41.Bc8 Kxd5 42.Bb7+ Ke6
43.Ke4 Bc4 44.Bc8+ Ke7 45.Bb7 Kd7 46.Bd5 Bxd5+ 47.Kxd5 Kc7 48.a4 Kd7 49.Bf4  1/2-1/2

[Event "Heart of Finland Open"]
[Site "Jyvaskyla FIN"]
[Date "2001.07.10"]
[Round "4"]
[White "Kochyev,A"]
[Black "Meskanen,V"]
[Result "1/2-1/2"]
[WhiteElo "2424"]
[BlackElo "2166"]

1.Nf3 c5 2.e4 d6 3.Bb5+ Nd7 4.c3 a6 5.Ba4 b5 6.Bc2 g6 7.O-O Bg7 8.d4 Qc7
9.a4 Rb8 10.axb5 axb5 11.Re1 e5 12.b4 cxd4 13.cxd4 Ne7 14.Be3 O-O 15.Na3 d5
16.Bg5 Nc6 17.exd5 Nxb4 18.Be7 Nxd5 19.Bxf8 Kxf8 20.dxe5 Nc3 21.Qd4 Bb7 22.Qb4+ Kg8
23.e6 fxe6 24.Ng5 Qc6 25.Qg4 Re8 26.Nxh7 Ne5 27.Rxe5 Bxe5 28.Re1 Bg7 29.Qxg6 Re7
30.Nf6+ Kf8 31.Nh7+ Kg8 32.Re3 b4 33.Nf6+ Kf8 34.Nh7+ Kg8 35.Rf3 Qxf3 36.gxf3 bxa3
37.Nf6+ Kf8 38.Nh7+ Kg8 39.Nf6+  1/2-1/2

[Event "PanAm Junior"]
[Site "Yucay PER"]
[Date "2001.07.11"]
[Round "5"]
[White "Felgaer,R"]
[Black "Alvarez,Joh"]
[Result "1/2-1/2"]
[WhiteElo "2471"]
[BlackElo "2382"]

1.e4 c5 2.Nf3 d6 3.Bb5+ Nd7 4.d4 Nf6 5.Nc3 a6 6.Bxd7+ Nxd7 7.O-O e6 8.Bg5 Qc7
9.d5 e5 10.a4 g6 11.Nd2 Bg7 12.Nc4 Nb6 13.Na3 Bd7 14.a5 Nc8 15.Nc4 b5 16.axb6 Nxb6
17.Na5 Na4 18.Nxa4 Qxa5 19.Qd2 Qc7 20.b3 O-O 21.Nb2 f5 22.Qa5 Qb8 23.Nc4 Rf7
24.Qb6 Qxb6 25.Nxb6 Rb8 26.Nxd7 Rxd7 27.Rxa6 c4 28.Rb1 fxe4 29.Rc6 cxb3 30.Rxb3 Rxb3
31.cxb3 Bf8 32.Be3 Rb7 33.Bb6 Rb8 34.Kf1 Ra8 35.Bc7 Ra3 36.Bxd6 Bxd6 37.Rxd6 Rxb3
38.Re6 e3 39.d6 Kf7 40.Rxe5 Rd3 41.Re7+ Kf6 42.fxe3 h5 43.Ke2 Rxd6 44.Ra7 Rb6
45.Kf3 Rb4 46.Ra6+ Kf5 47.h3 h4 48.e4+ Kg5 49.Ra5+ Kh6 50.Ra2 g5 51.Ra6+ Kh5
52.Ra3 Kg6 53.Rd3 Ra4 54.Ke3 Kf6 55.Rd2 Ke5 56.Rd5+ Kf6 57.Rf5+ Kg6 58.Rd5 Kf6
59.Rd4 Ra3+ 60.Rd3 Ra4 61.Rb3 Ke5 62.Kf3 Kf6 63.Rb6+ Kf7 64.Rb2 Kf6 65.Re2 Kg6
66.Re3 Rb4 67.Ra3 Kf6 68.Ra6+ Kf7 69.e5 Ke7 70.Rg6 Rb3+ 71.Kf2 Rg3 72.Kf1 Kf7
73.Rf6+ Kg7 74.Rf5 Kg6 75.Rf6+ Kg7 76.Rd6 Ra3 77.Kf2 Ra5 78.e6 Kf6 79.Rc6 Rf5+  1/2-1/2

[Event "PanAm Junior"]
[Site "Yucay PER"]
[Date "2001.07.11"]
[Round "6"]
[White "Padilla,H"]
[Black "Felgaer,R"]
[Result "0-1"]
[WhiteElo "2186"]
[BlackElo "2471"]

1.e4 c5 2.Nf3 d6 3.Bb5+ Nc6 4.Bxc6+ bxc6 5.O-O Bg4 6.c3 Nf6 7.Re1 e6 8.d4 cxd4
9.cxd4 Be7 10.Nc3 O-O 11.Bf4 Qb6 12.Qd2 Rfd8 13.Be3 Rab8 14.Rab1 Qb7 15.Ng5 d5
16.f3 Bh5 17.e5 Nd7 18.Re2 Bg6 19.Rd1 c5 20.Nh3 Nxe5 21.dxe5 d4 22.Qc1 dxe3
23.Qxe3 Rxd1+ 24.Nxd1 c4 25.Nhf2 Qc7 26.Qf4 Rd8 27.Nc3 Bc5 28.g3 Bd3 29.Rd2 Rd4
30.Qe3 Re4 31.Qxe4 Bxe4 32.Nxe4 Qxe5 33.Kg2 f5 34.Nxc5 Qxc5 35.Nd1 Kf8 36.Nc3 Ke7
37.Re2 g5 38.a3 Qd4 39.Nb5 Qc5 40.Nc3 a6 41.g4 Kf6 42.h3 Qd4 43.Rf2 h5 44.gxh5 Qh4
45.Rc2 Qxh5 46.Rf2 Qh4 47.Rd2 Ke7 48.Ne2 Qe1  0-1

[Event "ch-SUI"]
[Site "Scuol SUI"]
[Date "2001.07.13"]
[Round "2"]
[White "Ambrosini,N"]
[Black "Raetsky,A"]
[Result "1/2-1/2"]
[WhiteElo "2221"]
[BlackElo "2452"]

1.e4 c5 2.Nf3 d6 3.Bb5+ Nd7 4.c3 Nf6 5.Qe2 a6 6.Ba4 b5 7.Bc2 Ne5 8.d4 Nxf3+
9.Qxf3 e5 10.Bg5 Be7 11.O-O O-O 12.Nd2 Qc7 13.dxe5 dxe5 14.Rfe1 Bg4 15.Qg3 Rfd8
16.Nf3 Bxf3 17.Qxf3 Ne8 18.Be3 c4 19.Rad1 Bc5 20.Bxc5 Qxc5 21.Rd5 Qe7 22.Red1 Nc7
23.Rxd8+ Rxd8 24.Rxd8+ Qxd8 25.Qd1 Qxd1+ 26.Bxd1 Kf8 27.Bg4 Ke7 28.Kf1 Kd6
29.Ke1 a5 30.a3 Na6 31.Bd1 Nc5 32.Bc2 Ke6 33.Ke2 g6 34.g4 g5 35.Ke3 Kd6 36.f3 f6
37.Kd2 Nb7 38.Bd1 Kc5 39.Be2 Nd8 40.Kc2 Ne6 41.Bf1 Nf4 42.Kd2 Ng6 43.Be2 Nh4
44.Kc2 Ng2 45.Kd2 Nf4 46.Bf1 h5 47.Kc2 h4 48.Kd2 h3 49.Ke3 b4 50.axb4+ axb4
51.Kd2 Ng2 52.Be2 Nh4 53.Ke3 Ng6 54.Bf1 Nf4 55.Kd2 Ng2 56.Be2 bxc3+ 57.bxc3 Kb5
58.Bf1 Nh4 59.Ke3 Ng6 60.Kd2 Nf4 61.Kc2 Ng2 62.Kd2 Kc5 63.Ke2 Nf4+  1/2-1/2

[Event "ch-SUI Women"]
[Site "Scuol SUI"]
[Date "2001.07.14"]
[Round "3"]
[White "Lauterbach,I"]
[Black "Roschina,T"]
[Result "0-1"]
[WhiteElo "2138"]
[BlackElo "2322"]

1.e4 c5 2.Nf3 d6 3.Bb5+ Nc6 4.O-O Bd7 5.Re1 g6 6.c3 Bg7 7.d4 Qb6 8.Bxc6 Bxc6
9.d5 Bd7 10.e5 Nh6 11.Na3 O-O 12.exd6 exd6 13.Ng5 Ng4 14.Ne4 f5 15.Ng5 c4
16.Qc2 Rfe8 17.Bf4 Qc5 18.Ne6 Bxe6 19.dxe6 Be5 20.Bxe5 Nxe5 21.Kf1 Re7 22.Rad1 Rae8
23.Rd4 Rxe6 24.b4 Qc6 25.Re3 b5 26.Qd2 Nd3 27.Nc2 Qa6 28.a3 f4 29.Rxe6 Rxe6
30.g3 Qc6 31.Kg1 Qf3 32.gxf4 Re2  0-1

[Event "Asian U20 Girls"]
[Site "Tehran IRI"]
[Date "2001.07.14"]
[Round "2"]
[White "Yusubalieva,S"]
[Black "Ghader Pour,S"]
[Result "0-1"]
[WhiteElo "2121"]
[BlackElo "2065"]

1.e4 c5 2.Nf3 d6 3.Bb5+ Bd7 4.Bxd7+ Qxd7 5.O-O Nc6 6.c3 Nf6 7.Re1 e6 8.d4 cxd4
9.cxd4 d5 10.e5 Ne4 11.Nbd2 Nxd2 12.Bxd2 Be7 13.a3 O-O 14.Qb3 b5 15.Qd3 Rfc8
16.Bg5 Rab8 17.Bxe7 Qxe7 18.h4 b4 19.Ng5 g6 20.Rac1 bxa3 21.bxa3 Rc7 22.Rb1 Rbc8
23.Nf3 Na5 24.Qd2 Nc4 25.Qh6 Qf8 26.Qxf8+ Kxf8 27.Rb3 Nb6 28.Kf1 Rc2 29.Ra1 h6
30.Ne1 R2c4 31.Rd1 Ra4 32.Ke2 Nc4 33.Rc1 Rc6 34.Rcc3 Rca6 35.Nc2 Nxa3 36.Rc8+ Kg7
37.Nxa3 Rxa3  0-1

[Event "Masters"]
[Site "Monmouth WLS"]
[Date "2001.07.16"]
[Round "1"]
[White "House,G"]
[Black "Duncan,C"]
[Result "1/2-1/2"]
[WhiteElo "2334"]
[BlackElo "2291"]

1.e4 c5 2.Nf3 d6 3.Bb5+ Bd7 4.Bxd7+ Qxd7 5.c4 Nc6 6.d4 cxd4 7.Nxd4 Nf6 8.Nc3 g6
9.f3 Bg7 10.Be3 O-O 11.O-O Rfc8 12.b3 a6 13.a4 Qd8 14.Qd2 Nd7 15.Rfd1 Rab8
16.Rab1 Nc5 17.h3 Na5 18.Qa2 Nc6 19.Qd2 Na5 20.Qa2 Nc6  1/2-1/2

[Event "Dutch Open"]
[Site "Dieren NED"]
[Date "2001.07.17"]
[Round "1"]
[White "Erwich,Frank"]
[Black "Hamelink,D"]
[Result "1/2-1/2"]
[WhiteElo "2322"]
[BlackElo "2072"]

1.e4 c5 2.Nf3 d6 3.Bb5+ Bd7 4.Bxd7+ Qxd7 5.c4 Nc6 6.d4 cxd4 7.Nxd4 g6 8.Nc3 Bg7
9.Be3 Nf6 10.f3 O-O 11.O-O Rfd8 12.Qd2 e6 13.Rfd1 Ne5 14.b3 d5 15.exd5 exd5
16.c5 Nc6 17.Rac1 Ne8 18.Qf2 Nc7 19.Rd2 Ne6 20.Nce2 Qe7 21.Rcd1 Rac8 22.Nb5 d4
23.Nbxd4 Ncxd4 24.Nxd4 Bxd4 25.Bxd4 Nxd4 26.Rxd4 Rxd4 27.Rxd4 Qxc5 28.Rd8+ Kg7
29.Rxc8 Qxc8 30.h4 b6 31.Qd4+ f6 32.g4 Qc7 33.Kg2 Qe7 34.Kf2 Kf7 35.Qc4+  1/2-1/2

[Event "Dutch Open"]
[Site "Dieren NED"]
[Date "2001.07.17"]
[Round "1"]
[White "Dgebuadze,A"]
[Black "Vedder,R"]
[Result "1-0"]
[WhiteElo "2547"]
[BlackElo "2220"]

1.e4 c5 2.Nf3 d6 3.Bb5+ Nd7 4.c3 a6 5.Ba4 b5 6.Bc2 Bb7 7.O-O g6 8.d4 Bg7
9.Re1 Qc7 10.Nbd2 Rc8 11.d5 Ngf6 12.Nf1 O-O 13.h3 Nb6 14.a4 Nxa4 15.Bxa4 bxa4
16.Rxa4 Nd7 17.Ne3 Nb6 18.Ra2 e6 19.c4 exd5 20.exd5 Rfe8 21.b3 Nd7 22.Rae2 Qb8
23.Bb2 Bxb2 24.Rxb2 Nf6 25.Rbe2 Nh5 26.Qa1 Ng7 27.Ng4 Rxe2 28.Rxe2  1-0

[Event "Masters"]
[Site "Monmouth WLS"]
[Date "2001.07.17"]
[Round "3"]
[White "Marusenko,P"]
[Black "Duncan,C"]
[Result "0-1"]
[WhiteElo "2362"]
[BlackElo "2291"]

1.e4 c5 2.Nf3 d6 3.Bb5+ Bd7 4.Bxd7+ Qxd7 5.c4 Nc6 6.Nc3 Nf6 7.O-O g6 8.d4 cxd4
9.Nxd4 Bg7 10.Nc2 O-O 11.Qe2 a6 12.Bd2 e6 13.Rfd1 Qc7 14.Rac1 Rac8 15.b3 Nd7
16.Be1 Rfd8 17.Kh1 Nc5 18.f4 Re8 19.g4 Qb8 20.b4 Nd7 21.c5 dxc5 22.Rxd7 cxb4
23.Na4 Nd4 24.Nxd4 Rxc1 25.Qd2 Rc7 26.Rd6 b5 27.Nb6 Qb7 28.Nd5 exd5 29.e5 Rc4
30.Bf2 Qc8 31.h3 Rc1+ 32.Kg2 Qc4 33.Rxa6 Qf1+ 34.Kg3 Rc3+ 35.Nf3 g5 36.Rf6 Bxf6
37.exf6 Re2 38.Qd4 Rcc2  0-1

[Event "SWYM"]
[Site "Witley ENG"]
[Date "2001.07.17"]
[Round "5"]
[White "Bromann,T"]
[Black "Mah,K"]
[Result "1/2-1/2"]
[WhiteElo "2321"]
[BlackElo "2404"]

1.e4 c5 2.Nf3 d6 3.Bb5+ Bd7 4.Bxd7+ Qxd7 5.O-O Nc6 6.d3 g6 7.Nc3 Bg7 8.a4 Nf6
9.Bg5 h6 10.Be3 O-O 11.h3 b6 12.Qd2 Kh7 13.d4 cxd4 14.Nxd4 Rad8 15.Rad1  1/2-1/2

[Event "Dutch Open"]
[Site "Dieren NED"]
[Date "2001.07.19"]
[Round "3"]
[White "Van der Weide,K"]
[Black "Wemmers,X"]
[Result "1-0"]
[WhiteElo "2448"]
[BlackElo "2315"]

1.e4 c5 2.Nf3 d6 3.Bb5+ Bd7 4.Bxd7+ Qxd7 5.O-O Nf6 6.e5 dxe5 7.Nxe5 Qc7 8.d4 e6
9.Bf4 Qc8 10.Nc3 cxd4 11.Qxd4 Bc5 12.Qa4+ Nc6 13.Bg5 Qc7 14.Nxc6 Qxc6 15.Qxc6+ bxc6
16.Bxf6 gxf6 17.Ne4 Be7 18.Rfd1 Rd8 19.Kf1 Rg8 20.Rxd8+ Kxd8 21.Re1 Kc7 22.Re3 Rg4
23.h3 Rh4 24.Ke2 f5 25.Nd2 Ra4 26.a3 Bf6 27.c3 Ra5 28.Nc4 Rc5 29.Kd3 e5 30.f3 Kd7
31.b4 Rd5+ 32.Kc2 Ke6 33.Na5 Kd6 34.Nb3 f4 35.Re4 Kc7 36.Rc4 Rd6 37.Na5 Bd8
38.b5 Kd7 39.Nxc6 Ke6 40.Nxa7 Rd7 41.Nc6 Bb6 42.a4 Be3 43.a5 Rd2+ 44.Kb3 Rxg2
45.b6 Bc1 46.Rb4 Kd5 47.b7 Kc5 48.Rc4+ Kd5 49.Nb4+  1-0

[Event "Zhong Hong Real Estate Cup"]
[Site "Beijing CHN"]
[Date "2001.07.20"]
[Round "1"]
[White "Liang Jinrong"]
[Black "Wu Shaobin"]
[Result "1/2-1/2"]
[WhiteElo "2510"]
[BlackElo "2535"]

1.e4 c5 2.Nf3 d6 3.Bb5+ Bd7 4.Bxd7+ Qxd7 5.O-O Nf6 6.Re1 Nc6 7.b3 g6 8.Bb2 Bg7
9.d4 cxd4 10.Nxd4 Nxd4 11.Bxd4 O-O 12.c4 b5 13.cxb5 Qxb5 14.Nc3 Qb7 15.e5  1/2-1/2

[Event "EuChJun Boys"]
[Site "Patras GRE"]
[Date "2001.07.20"]
[Round "5"]
[White "Tsiamis,K"]
[Black "Kafka,G"]
[Result "1/2-1/2"]
[WhiteElo "2217"]
[BlackElo "2104"]

1.e4 c5 2.Nf3 d6 3.Bb5+ Bd7 4.Bxd7+ Qxd7 5.O-O Nc6 6.c3 Nf6 7.Re1 e6 8.d4 cxd4
9.cxd4 d5 10.e5 Ne4 11.Nbd2 Nxd2 12.Bxd2 Be7 13.a3 O-O 14.b4 b5 15.Qb3 a5
16.Bc3 axb4 17.axb4 Qb7 18.Reb1 Rxa1 19.Rxa1 Ra8 20.Rxa8+ Qxa8 21.Ne1 Qa7
22.Nc2 Kf8 23.Qa3 Qxa3 24.Nxa3 Nxb4 25.Nxb5 Ke8 26.Na3  1/2-1/2

[Event "SWYM"]
[Site "Witley ENG"]
[Date "2001.07.20"]
[Round "8"]
[White "Trent,L"]
[Black "Jones,G"]
[Result "0-1"]
[WhiteElo "2249"]
[BlackElo "2206"]

1.e4 c5 2.Nf3 d6 3.Bb5+ Bd7 4.a4 Nf6 5.d3 e6 6.O-O a6 7.Bxd7+ Qxd7 8.Nbd2 Nc6
9.Nc4 Rd8 10.a5 Be7 11.h3 d5 12.exd5 exd5 13.Nce5 Nxe5 14.Nxe5 Qc7 15.Re1 O-O
16.Bg5 Rde8 17.Nf3 h6 18.Bd2 Bd6 19.Rxe8 Rxe8 20.Bc3 Nd7 21.Kf1 Qd8 22.b3 Qc8
23.Ra4 d4 24.Bd2 Ne5 25.Nxe5 Bxe5 26.Qf3 Re6 27.Rc4 Rc6 28.Qd5 Bf6 29.Bf4 Qe6
30.Qxe6 fxe6 31.Ke2 Bd8 32.Bd2 e5 33.Kf3 Kf7 34.Ke4 Ke6 35.g3 g5 36.g4 Bxa5
37.Bxa5 b5 38.f3 bxc4 39.dxc4 Rc8 40.Be1 Re8 41.Bg3 Kd6 42.h4 gxh4 43.Bxh4 a5
44.Be1 Ra8 45.Bg3 Ke6 46.Bxe5 a4 47.bxa4 Rxa4 48.Bf4 Rxc4 49.Bxh6 Rxc2 50.f4 Re2+
51.Kd3 Rh2 52.Bg7 Kd5  0-1

[Event "Open"]
[Site "Novosibirsk RUS"]
[Date "2001.07.21"]
[Round "3"]
[White "Neustroev,V"]
[Black "Kirchanov,A"]
[Result "1/2-1/2"]
[WhiteElo "2149"]
[BlackElo "2331"]

1.e4 c5 2.Nf3 d6 3.Bb5+ Bd7 4.Bxd7+ Qxd7 5.O-O Nf6 6.Re1 Nc6 7.c3 e6 8.d4 cxd4
9.cxd4 d5 10.e5 Ne4 11.Nc3 Nxc3 12.bxc3 h6 13.Nd2 Na5 14.a4 O-O-O 15.Ba3 Bxa3
16.Rxa3 Kb8 17.Nb3 Nc4 18.Ra2 a5 19.Qg4 g6 20.Nc5 Qe7 21.Rb1 b6 22.Rb5 Ka7
23.Nd3 Rc8 24.Qf4 g5 25.Qc1 Rc6 26.f4 g4 27.f5 Qh4 28.g3 Qh5 29.Rf2 Rhc8
30.fxe6 fxe6 31.Rf6 Qg5 32.Nf4 Nxe5 33.dxe5 Qxe5 34.Rf7+ Ka6 35.Qf1 Qe3+
36.Kh1 Rc4 37.Rb3 d4 38.Qb1 dxc3 39.Rxc3 Qc5 40.Rxc4 Qxc4 41.Nxe6 Qc1+ 42.Qxc1 Rxc1+
43.Kg2 Re1 44.Nc7+ Kb7 45.Kf2 Ra1 46.Nb5+ Kc6 47.Rc7+ Kd5 48.Rc2 Ke4 49.Rc4+ Kf5
50.Nd4+ Ke5 51.Ne2 h5 52.Ke3 Rh1 53.Re4+ Kd6 54.Nf4 Rxh2 55.Re6+ Kc5  1/2-1/2

[Event "Heart of Finland Open"]
[Site "Jyvaskyla FIN"]
[Date "2001.07.22"]
[Round "9"]
[White "Palmo,P"]
[Black "Meskanen,V"]
[Result "1-0"]
[WhiteElo "2078"]
[BlackElo "2166"]

1.e4 c5 2.Nf3 d6 3.Bb5+ Nd7 4.O-O a6 5.Bd3 g6 6.c3 Bg7 7.Bc2 e5 8.d4 Qc7
9.dxe5 dxe5 10.Nbd2 b5 11.c4 Ne7 12.b3 O-O 13.Re1 Rd8 14.Bb2 Nf8 15.Qb1 Nc6
16.Nf1 Nd4 17.Bd1 bxc4 18.bxc4 Bh6 19.Ne3 Bxe3 20.fxe3 Nxf3+ 21.Bxf3 Be6
22.Qc2 Nd7 23.Rad1 Nb6 24.Be2 f6 25.Ba3 Kg7 26.Qc3 Na4 27.Qb3 Bd7 28.Qc2 Bc6
29.Bf3 Qa5 30.Bc1 Qc3 31.Qe2 Nb6 32.Bd2 Qa3 33.Ra1 Rd7 34.Reb1 Rad8 35.Be1 Nc8
36.Qb2 Qd3 37.Bf2 Ba4 38.Rc1 Nd6 39.Rc3 Nxc4 40.Qc1  1-0

[Event "Zhong Hong Real Estate Cup"]
[Site "Beijing CHN"]
[Date "2001.07.23"]
[Round "4"]
[White "Wang Zili"]
[Black "Wang Pin"]
[Result "1/2-1/2"]
[WhiteElo "2557"]
[BlackElo "2504"]

1.e4 c5 2.Nf3 d6 3.Bb5+ Bd7 4.Bxd7+ Qxd7 5.c4 Nc6 6.Nc3 Nf6 7.d4 cxd4 8.Nxd4 e6
9.O-O Be7 10.Nde2 O-O 11.b3 Rfd8 12.Nf4 a6 13.a4  1/2-1/2

[Event "Czech Open"]
[Site "Pardubice CZE"]
[Date "2001.07.23"]
[Round "4"]
[White "Chernyshov,K"]
[Black "Jedryczka,K"]
[Result "1-0"]
[WhiteElo "2561"]
[BlackElo "2330"]

1.e4 c5 2.Nf3 d6 3.Bb5+ Nd7 4.O-O a6 5.Bxd7+ Bxd7 6.Re1 Nf6 7.e5 dxe5 8.Nxe5 Be6
9.Nc3 g6 10.Qf3 Bd5 11.Ng4 Be6 12.Nxf6+ exf6 13.Qxb7 Be7 14.d4 cxd4 15.Qc6+  1-0

[Event "Zhong Hong Real Estate Cup"]
[Site "Beijing CHN"]
[Date "2001.07.24"]
[Round "5"]
[White "Liang Jinrong"]
[Black "Wang Zili"]
[Result "1/2-1/2"]
[WhiteElo "2510"]
[BlackElo "2557"]

1.e4 c5 2.Nf3 d6 3.Bb5+ Bd7 4.Bxd7+ Qxd7 5.O-O Nf6 6.Re1 Nc6 7.c4 e6 8.Nc3 Be7
9.d4 cxd4 10.Nxd4 O-O 11.b3  1/2-1/2

[Event "EuChJun Boys"]
[Site "Patras GRE"]
[Date "2001.07.24"]
[Round "8"]
[White "Lupulescu,C"]
[Black "Kujovic,M"]
[Result "1-0"]
[WhiteElo "2465"]
[BlackElo "2335"]

1.e4 c5 2.Nf3 d6 3.Bb5+ Bd7 4.Bxd7+ Qxd7 5.c4 Nc6 6.d4 cxd4 7.Nxd4 g6 8.Nc3 Bg7
9.Nde2 Nf6 10.f3 O-O 11.O-O a6 12.a4 Qd8 13.Kh1 Nd7 14.b3 Nc5 15.Rb1 Kh8
16.Bg5 f5 17.exf5 Rxf5 18.Be3 Qf8 19.Qd2 Rd8 20.Rfd1 Rf7 21.Nf4 e5 22.Nfd5 Ne6
23.Ne4 Ncd4 24.a5 h6 25.b4 Kh7 26.b5 Nc5 27.Nxc5 dxc5 28.bxa6 bxa6 29.Kg1 Rd6
30.Rb6 Rfd7 31.Rxd6 Rxd6 32.Rb1 Qf5 33.Rb7 Rd7 34.Rb6 Rf7 35.Qd1 Qh5 36.Qd3 Nxf3+
37.gxf3 Rxf3 38.Qe4 Rf5 39.Rb1 Qe2 40.Nc3 Qf3 41.Qxf3 Rxf3 42.Nd5  1-0

[Event "EuChJun Girls"]
[Site "Patras GRE"]
[Date "2001.07.24"]
[Round "8"]
[White "Kovalevskaya,N"]
[Black "Kieran,R"]
[Result "1-0"]
[WhiteElo "2152"]
[BlackElo "2083"]

1.e4 c5 2.Nf3 d6 3.Bb5+ Bd7 4.Bxd7+ Qxd7 5.O-O Nc6 6.c3 Nf6 7.Re1 e6 8.d4 d5
9.exd5 Qxd5 10.Qa4 Be7 11.c4 Qd7 12.dxc5 Bxc5 13.Bf4 O-O 14.Nc3 a6 15.Rad1 Qc8
16.a3 Nh5 17.Bg5 h6 18.Ne4 Ba7 19.Be3 Bxe3 20.Rxe3 Nf4 21.Nd6 Qc7 22.Re4 Rad8
23.c5 Nd5 24.Qc2 Nce7 25.Rc1 Nf6 26.Rb4 Rb8 27.Qb3 b5 28.Rd4 Ned5 29.Ne5 Rbd8
30.Qc2 Ne8 31.Nxe8 Qxe5 32.Re4 Qg5 33.h4 Qh5 34.Nd6 Nf6 35.Qe2 Qd5 36.Re3 Qd4
37.g3 Nd7 38.Re4 Qd5 39.Qe3 Nxc5 40.Rd4 Qh5 41.g4 Qxh4 42.Rxc5 Qe7 43.Qd2 e5
44.Nf5 Qxc5 45.Rxd8 Qc7 46.Rxf8+ Kxf8 47.Qd6+ Qxd6 48.Nxd6 Ke7 49.Ne4 g6
50.b4 f5 51.gxf5 gxf5 52.Nc5 Kd6 53.Nxa6 Kc6 54.Kg2 Kb6 55.Nc5 Kc6 56.Kg3 Kd5
57.Na6 Kd6 58.Nc5 Kd5 59.Nd7 Kd4 60.Nf8 Kc4 61.Ng6 Kd4 62.Ne7 Kc3 63.Nc6 Kb3
64.Nxe5 Kxa3 65.Nc6  1-0

[Event "MTO"]
[Site "Biel SUI"]
[Date "2001.07.25"]
[Round "3"]
[White "Kritz,L"]
[Black "Pavlovic,Mi"]
[Result "0-1"]
[WhiteElo "2423"]
[BlackElo "2500"]

1.e4 c5 2.Nf3 d6 3.Bb5+ Nd7 4.d4 Nf6 5.Nc3 cxd4 6.Qxd4 e5 7.Qd3 h6 8.Be3 Be7
9.h3 a6 10.Bxd7+ Bxd7 11.O-O-O b5 12.Nd5 Nxd5 13.Qxd5 Qc8 14.Nd2 O-O 15.g4 Be6
16.Qd3 d5 17.exd5 Rd8 18.d6 Rxd6 19.Qe4 Bd5 20.Qxe5 Bxh1 21.Qxe7 Qc6 22.Qe5 Rc8
23.c3 Rcd8 24.Re1 b4 25.Nb3 Rd5 26.Qf4 bxc3 27.Nd4 Qc4 28.Rxh1 Qxa2  0-1

[Event "Politiken Cup"]
[Site "Copenhagen DEN"]
[Date "2001.07.25"]
[Round "11"]
[White "Psakhis,L"]
[Black "Nielsen,PH"]
[Result "1/2-1/2"]
[WhiteElo "2566"]
[BlackElo "2593"]

1.e4 c5 2.Nf3 d6 3.Bb5+ Bd7 4.Bxd7+ Qxd7 5.O-O Nc6 6.b3 Nf6 7.Re1 g6 8.c3 Bg7
9.d4 cxd4 10.cxd4 d5 11.e5  1/2-1/2

[Event "MTO"]
[Site "Biel SUI"]
[Date "2001.07.26"]
[Round "4"]
[White "Klinova,M"]
[Black "Kempinski,R"]
[Result "0-1"]
[WhiteElo "2384"]
[BlackElo "2595"]

1.e4 c5 2.Nf3 d6 3.Bb5+ Nd7 4.O-O Nf6 5.Re1 a6 6.Bf1 Qc7 7.c3 e5 8.d4 Be7
9.a4 b6 10.Nbd2 O-O 11.h3 Bb7 12.d5 Ne8 13.c4 g6 14.g4 Ng7 15.Bd3 Bc8 16.Nf1 Nf6
17.Bh6 Kh8 18.Ng3 Bd7 19.Nh2 Ng8 20.Bd2 Qd8 21.Qc1 Bh4 22.b4 f5 23.exf5 gxf5
24.a5 e4 25.Be2 cxb4 26.axb6 Qxb6 27.Be3 Qd8 28.gxf5 Nxf5 29.Nxf5 Bxf5 30.Bg4 a5
31.c5 Bg6 32.c6 Qc7 33.Be6 Bf6 34.Ng4 Bg7 35.Ra4 Ne7 36.Bh6 Nf5 37.Bxg7+ Nxg7
38.Qb2 Qe7 39.Re3 h5 40.Nh2 Kh7 41.Bd7 Qg5+ 42.Rg3 Qxd5 43.c7 Nf5 44.Rg5 e3
45.Ra1 Qd4  0-1

[Event "Czech Open"]
[Site "Pardubice CZE"]
[Date "2001.07.26"]
[Round "7"]
[White "Neubauer,M"]
[Black "Fontaine,R"]
[Result "1/2-1/2"]
[WhiteElo "2370"]
[BlackElo "2452"]

1.e4 c5 2.Nf3 d6 3.Bb5+ Bd7 4.Bxd7+ Qxd7 5.c4 Nc6 6.d4 cxd4 7.Nxd4 g6 8.Nc3 Bg7
9.Nde2 Nf6 10.O-O O-O 11.f3 a6 12.a4 e6 13.Bg5 Rfd8 14.Rc1 h6 15.Bh4 Rac8
16.f4 Ne7 17.Qd3 Qc6 18.Qh3 g5 19.fxg5 hxg5 20.Bxg5 Qc5+ 21.Be3 Qh5 22.Qxh5 Nxh5
23.g4 Bxc3 24.Nxc3 Ng7 25.b3 Nc6 26.h3 Ne8 27.Rcd1 Kg7 28.Rf2 Ne5 29.Kg2 f6
30.Rfd2 Rd7 31.Bf4 Kg6 32.Kg3 Rh7 33.h4 Nf7 34.Be3 Rg7 35.Rf1 Kh7 36.Kh3 Ne5
37.Rg2 Nc6 38.Ne2 d5 39.exd5 exd5 40.cxd5 Nb4 41.Bd4 Nxd5 42.g5 Rc2 43.Ng3 Rxg2
44.Kxg2 fxg5 45.hxg5 Rxg5 46.Rf7+ Kg6 47.Rxb7 Rg4 48.Be5 Rb4 49.Rxb4 Nxb4
50.Kf3 Kf7 51.Ke4 Ke6 52.Ne2 Nd6+ 53.Bxd6 Kxd6 54.Kd4 Nc6+ 55.Kc4 Ne5+ 56.Kc3 a5
57.Kd4 Nf3+ 58.Kc4 Nd2+ 59.Kc3 Ne4+ 60.Kd3 Nc5+ 61.Kc4 Kc6 62.Nd4+ Kb6 63.Nb5 Ne4
64.Na3 Kc6 65.Kd4 Nc5 66.Kc3 Ne4+ 67.Kc2 Kc5 68.Nc4 Kb4 69.Ne5 Nc5 70.Nc6+ Ka3
71.Nxa5 Nxb3 72.Nxb3 Kxa4  1/2-1/2

[Event "ch-Paris Open"]
[Site "Paris FRA"]
[Date "2001.07.26"]
[Round "6"]
[White "Brochet,P"]
[Black "Timoshenko,G"]
[Result "1/2-1/2"]
[WhiteElo "2369"]
[BlackElo "2554"]

1.Nf3 c5 2.e4 d6 3.Bb5+ Nc6 4.O-O Bd7 5.Re1 Nf6 6.c3 a6 7.Bxc6 Bxc6 8.d4 Bxe4
9.Bg5 Bd5 10.Nbd2 b5 11.c4 bxc4 12.dxc5 e6 13.Rc1 dxc5 14.Ne5 Qb8 15.Ndxc4 Be7
16.Bxf6 gxf6 17.Nd3 O-O 18.Ne3 Rd8 19.Qg4+ Kh8 20.Qh5 c4 21.Qxf7 Ra7 22.Nxd5 cxd3
23.Nxe7 Rf8 24.Qxf8+ Qxf8 25.Rc8 Qxc8 26.Nxc8 Rc7 27.Rd1 Rxc8 28.f4 Kg7 29.Rxd3 Rc1+
30.Kf2 Rc2+ 31.Kf3 Rxb2 32.Ra3 Rb6 33.Ra5 Kg6  1/2-1/2

[Event "Keres Mem Open"]
[Site "Tallinn EST"]
[Date "2001.07.26"]
[Round "2"]
[White "Khamatgaleev,A"]
[Black "Nicholson,JG"]
[Result "1-0"]
[WhiteElo "2412"]
[BlackElo "2192"]

1.e4 c5 2.Nf3 d6 3.Bb5+ Bd7 4.Bxd7+ Qxd7 5.O-O Nc6 6.c3 Nf6 7.d4 Nxe4 8.d5 Ne5
9.Re1 Nxf3+ 10.Qxf3 Nf6 11.c4 e5 12.dxe6 fxe6 13.Bg5 Be7 14.Nc3 O-O-O 15.Rad1 h6
16.Bh4 a6 17.Qe2 e5 18.Bxf6 gxf6 19.Nd5 Kb8 20.b4 cxb4 21.Rb1 Rhg8 22.Rxb4 Qh3
23.g3 Rd7 24.Reb1 Bd8 25.Qb2 Rgg7 26.Ra4 Qg4 27.Rxa6 Qxc4 28.Qa3 Qxd5 29.Ra8+ Kc7
30.Rc1+ Kb6 31.Qa7+ Kb5 32.Rb1+ Kc4 33.Qa4+ Kc3 34.Rc1+ Kb2 35.Qa3+  1-0

[Event "MTO"]
[Site "Biel SUI"]
[Date "2001.07.27"]
[Round "5"]
[White "Kritz,L"]
[Black "Cvitan,O"]
[Result "1/2-1/2"]
[WhiteElo "2423"]
[BlackElo "2555"]

1.e4 c5 2.Nf3 d6 3.Bb5+ Bd7 4.Bxd7+ Qxd7 5.c4 Nc6 6.Nc3 g6 7.d4 cxd4 8.Nxd4 Bg7
9.Nde2 Nf6 10.O-O O-O 11.f3 e6 12.Bg5 a6 13.a4 Qc7 14.b3 Rfd8 15.Rb1 Ne7
16.Qd4 Nfd5 17.Qd3 Nxc3 18.Nxc3 Qc5+ 19.Be3 Qb4 20.Bd2 Qc5+ 21.Be3 Qe5 22.Ne2 d5
23.Bf4 Qf6 24.cxd5 exd5 25.e5 Qb6+ 26.Be3 d4 27.Bxd4 Bxe5 28.Bxb6 Rxd3 29.Rfd1 Rd5
30.Rbc1 Re8 31.g3 Bb2  1/2-1/2

[Event "Open"]
[Site "Willemstad, Curacao AHO"]
[Date "2001.07.28"]
[Round "4"]
[White "Gallegos,Ca"]
[Black "Macieja,B"]
[Result "1/2-1/2"]
[WhiteElo "2403"]
[BlackElo "2588"]

1.e4 c5 2.Nf3 d6 3.Bb5+ Bd7 4.Bxd7+ Nxd7 5.O-O Ngf6 6.Re1 g6 7.b3 Bg7 8.Bb2 O-O
9.c3 Qc7 10.d4 Rac8 11.c4 cxd4 12.Bxd4 a6 13.Nc3 e6 14.Rc1 Rfd8 15.h3 Qa5
16.Na4 Qc7 17.Nc3 Bh6 18.Be3 Bxe3 19.Rxe3 b5 20.Ne2 Qb6 21.cxb5 axb5 22.Rxc8 Rxc8
23.Ng3 b4 24.Rd3 d5 25.e5 Ne8 26.Qd2 Qc6 27.Qe2 Ng7 28.Rd4 Qc3 29.Kh2 Nf8
30.Qb5 Qc2 31.Qxb4  1/2-1/2

[Event "Zhong Hong Real Estate Cup"]
[Site "Beijing CHN"]
[Date "2001.07.29"]
[Round "10"]
[White "Liang Jinrong"]
[Black "Wang Pin"]
[Result "1/2-1/2"]
[WhiteElo "2510"]
[BlackElo "2504"]

1.e4 c5 2.Nf3 d6 3.Bb5+ Bd7 4.Bxd7+ Qxd7 5.O-O Nc6 6.c4 Nf6 7.Nc3 e6 8.d4 cxd4
9.Nxd4 Be7 10.Be3 O-O 11.Qe2 a6 12.Rfd1 Qc7 13.Rac1 Rac8 14.b3 Rfe8  1/2-1/2

[Event "Open"]
[Site "Novosibirsk RUS"]
[Date "2001.07.29"]
[Round "11"]
[White "Yakimov,S"]
[Black "Solodovnikov,M"]
[Result "0-1"]
[WhiteElo "2265"]
[BlackElo "2189"]

1.e4 c5 2.Nf3 d6 3.Bb5+ Bd7 4.Bxd7+ Qxd7 5.c4 Nc6 6.O-O g6 7.d4 cxd4 8.Nxd4 Bg7
9.Be3 Nf6 10.f3 O-O 11.Nc3 b6 12.Rc1 Rac8 13.b3 Rfe8 14.Re1 Ne5 15.Re2 Qb7
16.Rd2 Ned7 17.Rcc2 Nc5 18.Nd5 Ncd7 19.Bg5 Nxd5 20.exd5 Bxd4+ 21.Rxd4 b5
22.Re4 Nf6 23.Ree2 bxc4 24.bxc4 Qd7 25.Qd4 Qf5 26.h4 Ra8 27.Bxf6 exf6 28.Rb2 Kg7
29.Kf2 Rxe2+ 30.Rxe2 h5 31.Re4 a5 32.Qb6 Qd7 33.Kg3 a4 34.a3 Ra7 35.c5 dxc5
36.d6 Rb7 37.Qxc5 Rb3 38.Re7 Qg4+ 39.Kf2 Qxh4+ 40.Ke2 Qg3 41.Kd1 Qxg2 42.Kc1 Qf1+  0-1

[Event "UPI"]
[Site "Mancha Real ESP"]
[Date "2001.07.30"]
[Round "1"]
[White "De la Paz,F"]
[Black "Vera,R"]
[Result "1/2-1/2"]
[WhiteElo "2461"]
[BlackElo "2563"]

1.e4 c5 2.Nf3 d6 3.Bb5+ Bd7 4.Bxd7+ Qxd7 5.O-O Nc6 6.b3 Nf6 7.Re1 g6 8.Bb2 Bg7
9.d4 cxd4 10.Nxd4 O-O 11.c4 Rfc8 12.Nc3 a6 13.Nxc6 Rxc6 14.Nd5 Nxd5 15.exd5 Rc7
16.Bxg7 Kxg7 17.Qd4+ Kg8 18.a4 Qe8 19.h3 Qf8 20.Qb6 Rd7 21.Re3 Qg7 22.Rae1 Qf6  1/2-1/2